Tribes of Pachmanhi biosphere reserve and their indigenous knowledge (Record no. 931598)

MARC details
000 -LEADER
fixed length control field 00970nam a2200289Ia 4500
003 - CONTROL NUMBER IDENTIFIER
control field OSt
005 - DATE AND TIME OF LATEST TRANSACTION
control field 20221005023704.0
008 - FIXED-LENGTH DATA ELEMENTS--GENERAL INFORMATION
fixed length control field 221004b |||||||| |||| 00| 0 eng d
020 ## - INTERNATIONAL STANDARD BOOK NUMBER
International Standard Book Number 8177021249 (hbk)
037 ## - SOURCE OF ACQUISITION
Terms of availability Textual
040 ## - CATALOGING SOURCE
Original cataloging agency CRL
Transcribing agency CRL
Language of cataloging eng
041 ## - LANGUAGE CODE
Source of code eng
Language code of text/sound track or separate title eng
100 ## - MAIN ENTRY--PERSONAL NAME
Personal name Chaudhary S. N.
245 #0 - TITLE STATEMENT
Title Tribes of Pachmanhi biosphere reserve and their indigenous knowledge
260 ## - PUBLICATION, DISTRIBUTION, ETC.
Place of publication, distribution, etc. Bhopal
Name of publisher, distributor, etc. Indira Gandhi Rashtriya Manav Sangrahalaya India
Date of publication, distribution, etc. 2006
300 ## - PHYSICAL DESCRIPTION
Extent x, 146p.
Dimensions cm.
490 ## - SERIES STATEMENT
Series statement Intangible cultural heritage of India - 4
650 ## - SUBJECT ADDED ENTRY--TOPICAL TERM
Topical term or geographic name entry element SOCIOLOGY
700 ## - ADDED ENTRY--PERSONAL NAME
Personal name Basa Kishore K Ed.
9 (RLIN) 557400
700 ## - ADDED ENTRY--PERSONAL NAME
Personal name Singh R P
942 ## - ADDED ENTRY ELEMENTS (KOHA)
Classification part Y72:1.255, P6
Koha item type Textual
Source of classification or shelving scheme
Holdings
Withdrawn status Lost status Damaged status Not for loan Home library Current library Date acquired Source of acquisition Cost, normal purchase price Total Checkouts Full call number Barcode Date last seen Cost, replacement price Price effective from Koha item type
        Central Library Central Library 2022-10-05 1273, 22/03/2007, Vidyanidhi Prakashan 1200.00   Y72:1.255 P6 CL1181099 2022-10-05 1200.00 2022-10-05 Textual
Copyright @ Delhi University Library System